Statistics for Pulitzer Prize for Music Winners

Click here to take the quiz!

General Stats

  • This quiz has been taken 11 times
  • The average score is 6 of 89

Answer Stats

YearWinner% Correct
2008Bob Dylan
82%
1945Aaron Copland
45%
2003John Adams
36%
2014John Luther Adams
36%
2018Kendrick Lamar
36%
1947Charles Ives
27%
2010Hank Williams
27%
1958Samuel Barber
27%
1963Samuel Barber
27%
2013Caroline Shaw
18%
1998George Gershwin
18%
1944Howard Hanson
18%
2010Jennifer Higdon
18%
2015Julia Wolfe
18%
1961Walter Piston
18%
1948Walter Piston
18%
2019Aretha Franklin
9%
1951Douglas Stuart Moore
9%
1983Ellen Zwilich
9%
1960Elliott Carter
9%
1973Elliott Carter
9%
1999Melinda Wagner
9%
1982Milton Babbitt
9%
1995Morton Gould
9%
1954Quincy Porter
9%
1976Scott Joplin
9%
2009Steve Reich
9%
1998Aaron Jay Kernis
0%
2020Anthony Davis
0%
1984Bernard Rands
0%
1970Charles Wuorinen
0%
1993Christopher Rouse
0%
1980David Del Tredici
0%
2008David Lang
0%
1975Dominick Argento
0%
1974Donald Martino
0%
1999Duke Ellington
0%
2017Du Yun
0%
2019Ellen Reid
0%
1956Ernst Toch
0%
1952Gail Kubik
0%
1968George Crumb
0%
1986George Perle
0%
1996George Walker
0%
1955Gian Carlo Menotti
0%
1950Gian Carlo Menotti
0%
1994Gunther Schuller
0%
2002Henry Brant
0%
2016Henry Threadgill
0%
1972Jacob Druckman
0%
2007John Coltrane
0%
2001John Corigliano
0%
1987John Harbison
0%
1959John La Montaine
0%
1979Joseph Schwantner
0%
1969Karel Husa
0%
2012Kevin Puts
0%
1967Leon Kirchner
0%
1946Leo Sowerby
0%
1966Leslie Bassett
0%
2000Lewis Spratlan
0%
1971Mario Davidovsky
0%
1990Mel D. Powell
0%
1978Michael Colgrass
0%
1976Ned Rorem
0%
1964 - No prize awardedNo prize awarded
0%
1965 - No prize awardedNo prize awarded
0%
1981 - No prize awardedNo prize awarded
0%
1953 - No prize awardedNo prize awarded
0%
1957Norman Dello Joio
0%
2007Ornette Coleman
0%
2004Paul Moravec
0%
1977Richard Wernick
0%
1962Robert Ward
0%
1989Roger Reynolds
0%
1982Roger Sessions
0%
1974Roger Sessions
0%
1991Shulamit Ran
0%
1985Stephen Albert
0%
2005Steven Stucky
0%
2006Thelonious Monk
0%
1949Virgil Thomson
0%
1992Wayne Peterson
0%
1988William Bolcom
0%
1985William Schuman
0%
1943William Schuman
0%
1997Wynton Marsalis
0%
2006Yehudi Wyner
0%
2011Zhou Long
0%

Score Distribution

Percentile by Number Answered

Percent of People with Each Score

Your Score History

You have not taken this quiz